000 00975nam a2200181 a 4500
008 120416s1980 ||||||||||||||||| || u
050 _aNA 2510 Szo
100 _aSzokolay, S. V
245 1 0 _aEnvironmental science handbook: for architects and builders.
260 _aLancester
_bConstruction Press
_c1980
300 _aiv, 532p. : ill.
350 _a0.00
650 _aARCHITECTURAL DESIGN--EVALUATION
995 _aREFERENCE BOOKS
_D0.00
_e704666
_FCBU-MAIN LIBRARY (Kitwe)
_H4
_I0.00
_jNA 2510 Szo
_M4
_UREFERENCE
_y022867
_ZReference Collection
995 _aREFERENCE BOOKS
_D0.00
_e704586
_FCBU-MAIN LIBRARY (Kitwe)
_H1
_I0.00
_jNA 2510 Szo
_M1
_UREFERENCE
_y022869
_ZReference Collection
995 _aREFERENCE BOOKS
_D0.00
_e704667
_FCBU-MAIN LIBRARY (Kitwe)
_H3
_I0.00
_jNA 2510 Szo
_M3
_UREFERENCE
_y022866
_ZReference Collection
995 _aMAIN LIBRARY OPEN ACCESS
_D0.00
_e714290
_FCBU-MAIN LIBRARY (Kitwe)
_H2
_I0.00
_jNA 2510 Szo
_M2
_UAVAILABLE
_y022868
_ZMain Library Open Access Collection
999 _c62761
_d62761